000 00528cam a22002171 4500
001 sa 65007507
003 DLC
005 20260227112148.0
008 890630s1962 ii c 000 1 pano
010 _asa 65007507
035 _a(OCoLC)19954093
040 _aDLC
_cWaU
_dDLC
042 _apremarc
050 0 0 _aPK2658
_b.B5
100 1 _aBharti, Charan Dass.
245 1 0 _aPrītāṃ hassīāṃ.
260 _c[1962]
300 _a131 p.
_bports.
_c22 cm.
500 _aIn Panjabi.
650 0 _aShort stories, Panjabi.
999 _c65164
_d65164